[Event "OP-2010-0-01188"]
[Site "LSS email"]
[Date "2010.06.21"]
[Round "?"]
[White "Candan, Adnan"]
[Black "Vontina, Maria"]
[Result "0-1"]
[WhiteElo "800"]
[BlackElo "639"]
[PlyCount "51"]
[EventDate "2010.06.12"]
[EventType "tourn (corr)"]
[EventRounds "4"]
[EventCountry "GER"]
[SourceTitle "Telechess CBM 147"]
[Source "ChessBase"]
[SourceDate "2012.03.16"]
[SourceVersion "1"]
[SourceVersionDate "2012.03.16"]
[SourceQuality "1"]

1. e4 e6 2. d4 d5 3. exd5 exd5 4. c4 Nf6 5. Nc3 Bb4 6. Nf3 0-0 7. Bd3 dxc4 8. Bxc4 Bg4 9. 0-0 Nbd7 10. Qb3 Bxc3 11. bxc3 Nb6 12. Bd3 c6 13. Qc2 h6 14. a4 Nbd5 15. Rb1 Rb8 16. c4 Nc7 17. Bf4 Qd7 18. Ne5 Qc8 19. Nxg4 Nxg4 20. Bf5 Qd8 21. Bxc7 Qxc7 22. Bxg4 Rbe8 23. Rb3 b6 24. Rg3 Kh8 25. f4 Qd6 26. Qc3 0-1

[Event "FICGS rapid B 000076 email"]
[Site "FICGS email"]
[Date "2007.11.26"]
[Round "1"]
[White "Candan, Adnan"]
[Black "Tomlin, Lincoln"]
[Result "0-1"]
[WhiteElo "1400"]
[BlackElo "1700"]
[PlyCount "22"]
[EventDate "2007.??.??"]
[EventType "tourn (rapid)"]
[EventRounds "6"]
[SourceTitle "Corr 2022"]
[Source "ChessBase"]
[SourceDate "2021.10.24"]
[SourceVersion "1"]
[SourceVersionDate "2021.10.24"]
[SourceQuality "1"]

1. e4 e6 2. d4 d5 3. e5 c5 4. c3 Nc6 5. Nf3 Nge7 6. Be3 Nf5 7. Bd3 cxd4 8. Nxd4 Nxe3 9. fxe3 Nxe5 10. Bb5+ Bd7 11. 0-0 Bxb5 0-1

[Event "FICGS class D 000069 email"]
[Site "FICGS email"]
[Date "2007.11.20"]
[Round "1"]
[White "Candan, Adnan"]
[Black "Malpalma, Joaquim"]
[Result "0-1"]
[WhiteElo "1400"]
[BlackElo "1400"]
[PlyCount "30"]
[EventDate "2007.??.??"]
[EventType "tourn (corr)"]
[EventRounds "6"]
[SourceTitle "Corr 2022"]
[Source "ChessBase"]
[SourceDate "2021.10.24"]
[SourceVersion "1"]
[SourceVersionDate "2021.10.24"]
[SourceQuality "1"]

1. e4 c5 2. Nf3 d6 3. d4 cxd4 4. Nxd4 Nf6 5. Nc3 Nc6 6. Be2 e5 7. Nxc6 bxc6 8. Be3 Be7 9. 0-0 0-0 10. f4 exf4 11. Rxf4 Nd7 12. Qd2 Ne5 13. h3 Bg5 14. Rf2 Bxe3 15. Qxe3 Rb8 0-1

[Event "ZN-2007-0-00316"]
[Site "LSS email"]
[Date "2007.10.19"]
[Round "?"]
[White "Candan, Adnan"]
[Black "Rodes, Sergio"]
[Result "0-1"]
[WhiteElo "800"]
[BlackElo "800"]
[PlyCount "41"]
[EventDate "2007.10.18"]
[EventType "match (corr)"]
[EventRounds "2"]
[EventCountry "GER"]
[SourceTitle "Corr 2022"]
[Source "ChessBase"]
[SourceDate "2021.10.24"]
[SourceVersion "1"]
[SourceVersionDate "2021.10.24"]
[SourceQuality "1"]

1. e4 c6 2. d4 d5 3. Nc3 dxe4 4. Nxe4 Bf5 5. Bd3 Qxd4 6. Nf3 Qd8 7. Bf4 Bxe4 8. Bxe4 Qxd1+ 9. Rxd1 Nf6 10. Bd3 Nbd7 11. 0-0 e6 12. Rfe1 Nc5 13. Bc4 Be7 14. h3 0-0 15. Bd6 Bxd6 16. Rxd6 Nd5 17. a3 Nb6 18. Ba2 Rfd8 19. Red1 Rxd6 20. Rxd6 Nca4 21. b4 0-1

[Event "ZN-2007-0-00314"]
[Site "LSS email"]
[Date "2007.10.16"]
[Round "?"]
[White "Candan, Adnan"]
[Black "Mori, Roberto"]
[Result "0-1"]
[WhiteElo "800"]
[BlackElo "669"]
[PlyCount "77"]
[EventDate "2007.10.14"]
[EventType "match (corr)"]
[EventRounds "2"]
[EventCountry "GER"]
[SourceTitle "Corr 2022"]
[Source "ChessBase"]
[SourceDate "2021.10.24"]
[SourceVersion "1"]
[SourceVersionDate "2021.10.24"]
[SourceQuality "1"]

1. e4 e5 2. Nf3 Nc6 3. Bb5 Nge7 4. c3 a6 5. Ba4 b5 6. Bb3 Ng6 7. d4 exd4 8. Bxf7+ Kxf7 9. Qb3+ Ke8 10. cxd4 Bb4+ 11. Nc3 Qe7 12. 0-0 Na5 13. Qd5 Bb7 14. Qh5 Bxc3 15. bxc3 Bxe4 16. Bg5 Qf7 17. Nd2 Bxg2 18. Qe2+ Kf8 19. Kxg2 Re8 20. Qg4 h5 21. Qg3 h4 22. Qxc7 Qd5+ 23. Nf3 h3+ 24. Kg3 Nc4 25. Rae1 Qd6+ 26. Qxd6+ Nxd6 27. Ne5 Nxe5 28. dxe5 Nf5+ 29. Kg4 g6 30. Bf6 Rh7 31. Rd1 Rc8 32. Rd3 Rc4+ 33. Kg5 Rch4 34. Kxg6 R4h5 35. Bg5 Ne7+ 36. Bxe7+ Kxe7 37. Rfd1 Rh8 38. Rxd7+ Ke6 39. R1d6+ 0-1

[Event "LSS OP-2007-0-00387"]
[Site "LSS email"]
[Date "2007.10.16"]
[Round "?"]
[White "De Waele, Willy"]
[Black "Candan, Adnan"]
[Result "1-0"]
[WhiteElo "800"]
[BlackElo "800"]
[PlyCount "57"]
[EventDate "2007.10.15"]
[EventType "tourn (corr)"]
[EventRounds "4"]
[EventCountry "GER"]
[SourceTitle "Corr 2022"]
[Source "ChessBase"]
[SourceDate "2021.10.24"]
[SourceVersion "1"]
[SourceVersionDate "2021.10.24"]
[SourceQuality "1"]

1. e4 c6 2. d4 d5 3. Nc3 dxe4 4. Nxe4 Bf5 5. Ng3 Bg6 6. h4 h6 7. Nf3 Nd7 8. h5 Bh7 9. Bd3 Bxd3 10. Qxd3 Ngf6 11. Bf4 Nd5 12. Bd2 e6 13. 0-0-0 c5 14. c4 Nb4 15. Bxb4 cxb4 16. Kb1 Be7 17. d5 Nc5 18. Qd4 0-0 19. d6 b6 20. dxe7 Qxe7 21. Qe5 Rfe8 22. Rh4 a5 23. Rg4 f6 24. Qf4 Kh7 25. Qe3 Ra7 26. Nd4 Qd7 27. Rd2 e5 28. Ndf5 Qc6 29. Rxg7+ 1-0

[Event "ZN-2007-0-00313"]
[Site "LSS email"]
[Date "2007.10.14"]
[Round "?"]
[White "Candan, Adnan"]
[Black "Scaccabarozzi, Mario"]
[Result "0-1"]
[WhiteElo "800"]
[BlackElo "800"]
[PlyCount "39"]
[EventDate "2007.10.14"]
[EventType "match (corr)"]
[EventRounds "2"]
[EventCountry "GER"]
[SourceTitle "Corr 2022"]
[Source "ChessBase"]
[SourceDate "2021.10.24"]
[SourceVersion "1"]
[SourceVersionDate "2021.10.24"]
[SourceQuality "1"]

1. e4 c5 2. Nf3 Nc6 3. d4 cxd4 4. Nxd4 Nf6 5. Nc3 e5 6. Nf5 d5 7. Ng3 d4 8. Nb1 Be6 9. c3 Bc5 10. Be2 0-0 11. 0-0 a5 12. Bd3 h6 13. Bd2 Ng4 14. h3 Ne3 15. Qe2 Nxf1 16. Nxf1 Qh4 17. Kh2 dxc3 18. Nxc3 Nd4 19. Qe3 Nb3 20. Qe1 0-1